[Event "Montebelluna Elite 2020"]
[Site "Montebelluna"]
[Date "2020.01.04"]
[Round "6.10"]
[White "Loiacono, Antonio"]
[Black "Ozen, Deniz"]
[Result "1/2-1/2"]
[WhiteElo "2295"]
[BlackElo "2423"]
[Annotator "NA"]
[PlyCount "40"]
[EventDate "2020.01.02"]
[EventType "swiss"]
[EventCountry "ITA"]
[SourceTitle "playchess.com"]
[Source "ChessBase"]
[SourceQuality "1"]
[TimeControl "5400+30"]

1. e4 {[%emt 0:00:00]} Nf6 {[%emt 1:30:30]} 2. Nc3 {[%emt 1:31:00]} d5 {[%emt 0:00:30]} 3. e5 {[%emt 0:00:30]} d4 {[%emt 0:00:30]} 4. exf6 {[%emt 0:00:30]} dxc3 {[%emt 0:00:30]} 5. fxg7 {[%emt 0:00:30]} cxd2+ {[%emt 0:00:30]} 6. Qxd2 {[%emt 0:00:30]} Qxd2+ {[%emt 0:00:30]} 7. Bxd2 {[%emt 0:00:30]} Bxg7 {[%emt 0:00:30]} 8. O-O-O {[%emt 0:00:30]} Nc6 {[%emt 0:00:30]} 9. Bb5 {[%emt 0:00:30]} Bd7 {[%emt 0:00:30]} 10. Nf3 {[%emt 0:00:30]} a6 {[%emt 0:00:00]} 11. Bxc6 {[%emt 0:00:00]} Bxc6 {[%emt 0:01:00]} 12. Bf4 {[%emt 0:01:00]} Rc8 $11 {[%emt 0:00:30]} 13. Rhe1 {[%emt 0:00:30]} Rg8 {[%emt 0:00:30]} 14. Re3 {[%emt 0:00:30]} Bf6 {[%emt 0:00:30]} 15. g3 {[%emt 0:00:30]} Rd8 {[%emt 0:00:30]} 16. Rde1 {[%emt 0:00:30]} Bxf3 {[%emt 0:00:30]} 17. Rxf3 {[%emt 0:00:30]} Bg5 {[%emt 0:00:30]} 18. Re5 f6 {[%emt 0:00:30]} 19. Rc5 {[%emt 0:01:00]} Rd7 {[%emt 0:00:30]} 20. c3 {[%emt 0:00:00]} c6 {[%emt 0:00:00]} 1/2-1/2

[Event "Montebelluna Elite 2020"]
[Site "Montebelluna"]
[Date "2020.01.05"]
[Round "7.1"]
[White "Martinez Alcantara, Jose Eduardo"]
[Black "Gokerkan, Cem Kaan"]
[Result "0-1"]
[WhiteElo "2606"]
[BlackElo "2458"]
[Annotator "TA"]
[PlyCount "82"]
[EventDate "2020.01.02"]
[EventType "swiss"]
[EventCountry "ITA"]
[SourceTitle "playchess.com"]
[Source "ChessBase"]
[SourceQuality "1"]

{[%evp 13,82,37,39,0,0,-6,0,-39,0,0,0,-1,0,-6,6,14,16,10,4,0,47,18,10,14,9,0,7,-114,-134,-116,-74,-102,-104,-108,-109,-102,-53,-119,-113,-147,-165,-196,-200,-142,-154,-287,-185,-187,-187,-185,-185,-433,-296,-280,-270,-354,-354,-538,-548,-547,-531,-1095,-1081,-986,-579,-529,-501,-700,-660,-1160,-1110]} 1. Nf3 Nf6 2. c4 e6 3. g3 d5 4. Bg2 dxc4 5. Qa4+ Nbd7 6. Qxc4 a6 7. Qc2 c5 8. a4 {A13: English Opening: 1...e6} (8. Nc3 Qc7 9. d4 cxd4 10. Nxd4 Bc5 11. Nb3 Bd6 12. O-O O-O 13. Rd1 Be5 14. Be3 Nd5 15. Bxd5 exd5 16. Rac1 {1-0 (87) Ding,L (2805)-Carlsen,M (2882) Saint Louis 2019}) 8... b6 9. Na3 Bb7 10. d3 {The position is equal.} Be7 (10... Ne5 $5) 11. O-O O-O 12. Bd2 Rc8 13. Qb3 Bd5 14. Nc4 Qc7 $146 ({Predecessor:} 14... Rb8 15. e4 b5 16. exd5 bxc4 17. Qxc4 Nxd5 18. Qxa6 Rxb2 {½-½ (27) Evdokimov,A (2558)-Prasanna Raghuram,R (2399) Gurgaon 2014}) 15. Bf4 Qa7 16. e4 Ba8 (16... Bxc4 $5 17. Qxc4 Rfd8 $11) 17. Bh3 h6 18. Nfe5 Nxe5 19. Bxe5 Nd7 20. f4 (20. Bf4 $11) 20... Nxe5 $17 21. fxe5 {Threatening Rxf7!} Qd7 22. Rf2 Rb8 $1 23. Nxb6 Qd4 $1 {Hoping for ...c4!} 24. a5 Qxe5 25. Qc4 {[#]} (25. Qc3 $15 Bf6 26. Rxf6 {[%mdl 64] Decoy} Qxf6 27. Nd7 Qxc3 28. bxc3) 25... Bc6 $1 26. Qxa6 {[#]} c4 $1 $36 {[%mdl 2560] Black is really pushing.} 27. Qxc4 ({Much worse is} 27. Nxc4 Qc5 $17) 27... Bc5 28. Qc2 Bb5 29. Rc1 (29. Kh1 $17) 29... Bd4 ({Less strong is} 29... Bxf2+ 30. Qxf2 Bxd3 31. Nd7 $17) 30. Kh1 Bxf2 31. Qxf2 {Black must now prevent Rc5.} Bxd3 32. Rc5 $2 (32. Nd7 {is the only way for White.} Bxe4+ 33. Kg1 Qxa5 34. Nxf8 Rxf8 35. Rf1) 32... Bxe4+ 33. Kg1 Qd6 34. Rc1 Rfd8 35. Bg2 (35. Ra1 {was necessary.}) 35... Bxg2 $19 {Black is clearly winning.} 36. Kxg2 Qb4 {...Rd2! is the strong threat.} 37. Nc4 Rbc8 38. Qf4 Rc6 {Threatens to win with ...Rdc8.} 39. a6 Rxa6 40. Kh3 Rc6 41. Qf1 Rc5 {Accuracy: White = 28%, Black = 76%.} 0-1

[Event "Montebelluna Elite 2020"]
[Site "Montebelluna"]
[Date "2020.01.05"]
[Round "7.2"]
[White "Ter-Sahakyan, Samvel"]
[Black "Erigaisi Arjun"]
[Result "1-0"]
[WhiteElo "2617"]
[BlackElo "2575"]
[Annotator "TA"]
[PlyCount "65"]
[EventDate "2020.01.02"]
[EventType "swiss"]
[EventCountry "ITA"]
[SourceTitle "playchess.com"]
[Source "ChessBase"]
[SourceQuality "1"]

{[%evp 14,65,16,31,32,14,25,22,35,16,60,29,39,8,39,31,47,45,47,44,42,43,101,104,98,107,102,118,95,116,138,141,141,150,200,189,408,433,461,504,535,568,656,533,664,652,664,620,672,672,905,761,749,733]} 1. e4 c5 2. Nf3 e6 3. d4 cxd4 4. Nxd4 Nc6 5. Nc3 Qc7 6. Be3 a6 7. a3 b5 8. Nxc6 Qxc6 {B48: Sicilian: Taimanov: 5 Nc3 Qc7 6 Be3 a6 without Be2} (8... dxc6 9. Qg4 Nf6 10. Qg3 Qxg3 11. hxg3 e5 12. f3 Be6 13. a4 Rc8 14. axb5 axb5 15. g4 Nd7 16. g5 {1-0 (49) Grischuk,A (2772)-Harikrishna,P (2744) Huaian 2017}) 9. Qd4 Bb7 10. Be2 Rc8 {The position is equal.} 11. Rd1 d6 12. O-O $146 ({Predecessor:} 12. a4 bxa4 13. Ra1 Nf6 14. Qxa4 Qxa4 15. Rxa4 Ra8 16. f3 d5 17. exd5 Nxd5 18. Nxd5 exd5 {1-0 (25) Damia,A (2233)-Karavade,E (2418) Caleta 2017}) 12... Nf6 13. Bf3 {[#] e5 is the strong threat.} Qc7 14. a4 b4 15. Qxb4 d5 16. Qb3 $36 {[%mdl 2048] White has the initiative.} dxe4 17. Be2 Qb8 (17... Be7 $14) 18. a5 $16 {[#] Strongly threatening Bxa6!} Be7 19. Na4 O-O 20. c4 Bc6 21. Nb6 Rcd8 22. Qc3 Bd6 23. h3 Nd7 24. b4 {[%cal Bb2b4,Bb4b5][%mdl 32]} f5 $2 (24... Bh2+ 25. Kh1 Bc7) 25. b5 $18 Bb7 {White is clearly winning.} 26. c5 Nxb6 27. axb6 Bh2+ 28. Kh1 axb5 29. Rxd8 Rxd8 30. c6 {Hoping for c7.} Rc8 31. Bxb5 Qd6 32. Rc1 Be5 33. Qc5 {Accuracy: White = 83%, Black = 38%.} 1-0

[Event "Montebelluna Elite 2020"]
[Site "Montebelluna"]
[Date "2020.01.05"]
[Round "7.3"]
[White "Yurtseven, Melih"]
[Black "Radovanovic, Mihajlo"]
[Result "0-1"]
[WhiteElo "2385"]
[BlackElo "2485"]
[Annotator "RC"]
[PlyCount "56"]
[EventDate "2020.01.02"]
[EventType "swiss"]
[EventCountry "ITA"]
[SourceTitle "playchess.com"]
[Source "ChessBase"]
[SourceQuality "1"]
[TimeControl "5400+30"]

1. d4 {[%emt 0:16:40]} Nf6 {[%emt 0:00:00]} 2. c4 {[%emt 0:01:29]} g6 {[%emt 0:00:00]} 3. Nc3 {[%emt 0:00:04]} Bg7 {[%emt 0:00:00]} 4. e4 {[%emt 0:00:06]} O-O {[%emt 0:00:00]} 5. Be3 {[%emt 0:03:39]} d6 {[%emt 0:00:28]} 6. h3 {[%emt 0:00:07]} Na6 {[%emt 0:04:01]} 7. g4 {[%emt 0:00:59]} c6 {[%emt 0:02:41]} 8. Qd2 {[%emt 0:04:53]} Nc7 {[%emt 0:03:50]} 9. f3 {[%emt 0:07:30]} Rb8 {[%emt 0:03:35]} 10. Bd3 {[%emt 0:11:18]} b5 {[%emt 0:01:23]} 11. cxb5 {[%emt 0:00:06]} cxb5 {[%emt 0:00:25]} 12. Bh6 {[%emt 0:09:04]} e5 {[%emt 0:04:08]} 13. Bxg7 {[%emt 0:05:33]} Kxg7 {[%emt 0:00:01]} 14. d5 {[%emt 0:00:22]} b4 {[%emt 0:00:49]} 15. Nce2 {[%emt 0:00:03]} Na6 {[%emt 0:02:38]} 16. Ng3 {[%emt 0:00:44]} Nc5 {[%emt 0:01:42]} 17. Be2 {[%emt 0:01:14]} Qa5 {[%emt 0:08:00]} 18. Bc4 {[%emt 0:13:33]} Ba6 {[%emt 0:12:29]} 19. Nf5+ {[%emt 0:00:19]} Kh8 {[%emt 0:02:20]} 20. Qh6 {[%emt 0:00:09]} b3+ {[%emt 0:00:22]} 21. Kd1 {[%emt 0:11:10]} Rg8 {[%emt 0:00:15]} 22. Nxd6 {[%emt 0:06:27]} Qc7 {[%emt 0:00:11]} 23. Bxa6 {[%emt 0:00:43]} Qxd6 {[%emt 0:03:13]} 24. Bc4 {[%emt 0:01:05]} g5 {[%emt 0:00:07]} 25. h4 {[%emt 0:01:33]} Rg6 {[%emt 0:00:06]} 26. hxg5 {[%emt 0:00:02]} Rxh6 {[%emt 0:00:07]} 27. Rxh6 {[%emt 0:00:04]} Ncxe4 {[%emt 0:01:38]} 28. axb3 {[%emt 0:02:03]} Nxg5 {[%emt 0:01:44]} 0-1

[Event "Montebelluna Elite 2020"]
[Site "Montebelluna"]
[Date "2020.01.05"]
[Round "7.4"]
[White "Sonis, Francesco"]
[Black "Nikolovski, Nikola"]
[Result "*"]
[WhiteElo "2458"]
[BlackElo "2442"]
[Annotator "TA"]
[PlyCount "40"]
[EventDate "2020.01.02"]
[EventType "swiss"]
[EventCountry "ITA"]
[SourceTitle "playchess.com"]
[Source "ChessBase"]
[SourceQuality "1"]

{[%evp 11,14,35,27,30,56]} 1. Nf3 e6 2. c4 f5 3. g3 Nf6 4. Bg2 Be7 5. O-O O-O 6. Nc3 d6 7. b4 {A10: English Opening: Unusual Replies for Black} (7. d4 Qe8 8. Re1 Ne4 9. Qc2 Qg6 10. Be3 Nxc3 11. Qxc3 Nc6 12. Rad1 Bf6 13. Qc1 e5 14. dxe5 dxe5 15. Bc5 Re8 16. b4 b6 17. Be3 f4 18. Bd2 Bf5 {0-1 (55) Yilmaz,M (2636)-Amin,B (2710) St Petersburg 2018}) 7... Qe8 {Predecessor:} 8. d4 $146 e5 9. dxe5 dxe5 10. Nd5 Bd8 11. Bb2 c6 12. Nxf6+ Bxf6 13. e4 f4 14. Qd6 Nd7 15. Rad1 Nb6 16. Nxe5 f3 17. Bh1 Bh3 18. Rfe1 Rd8 19. Qc7 Rc8 20. Qd6 Rd8 {½-½ (20) Rios Filho,H (2138)-Ferreira,K (2053) Rio de Janeiro 2018} *

[Event "Montebelluna Elite 2020"]
[Site "Montebelluna"]
[Date "2020.01.05"]
[Round "7.5"]
[White "Ozenir, Ekin Baris"]
[Black "Rahul Srivatshav P"]
[Result "1/2-1/2"]
[WhiteElo "2285"]
[BlackElo "2444"]
[Annotator "NA"]
[PlyCount "110"]
[EventDate "2020.01.02"]
[EventType "swiss"]
[EventCountry "ITA"]
[SourceTitle "playchess.com"]
[Source "ChessBase"]
[SourceQuality "1"]
[TimeControl "5400+30"]

1. d4 {[%emt 0:00:00]} Nf6 {[%emt 0:07:51]} 2. c4 {[%emt 0:00:00]} e6 {[%emt 0:00:32]} 3. Nc3 {[%emt 0:00:23]} Bb4 {[%emt 0:00:07]} 4. e3 {[%emt 0:00:33]} b6 {[%emt 0:00:07]} 5. Nge2 {[%emt 0:01:43]} Ne4 {[%emt 0:00:28]} 6. Bd2 {[%emt 0:08:09]} Nxd2 {[%emt 0:02:23]} 7. Qxd2 {[%emt 0:00:02]} Bb7 {[%emt 0:00:44]} 8. a3 {[%emt 0:00:14]} Be7 {[%emt 0:03:21]} 9. Ng3 {[%emt 0:08:22]} h5 {[%emt 0:06:04]} 10. d5 {[%emt 0:01:43]} h4 {[%emt 0:02:07]} 11. Nge2 $1 {[%emt 0:00:07]} e5 {[%emt 0:06:12]} 12. g4 {[%emt 0:02:53]} hxg3 {[%emt 0:04:39]} 13. Nxg3 {[%emt 0:00:07]} g6 $11 {[%emt 0:01:03]} 14. f4 {[%emt 0:05:16]} d6 {[%emt 0:10:34]} 15. O-O-O {[%emt 0:02:12]} f5 {[%emt 0:08:22]} 16. c5 {[%emt 0:01:42]} bxc5 {[%emt 0:00:45]} 17. fxe5 {[%emt 0:01:13]} dxe5 {[%emt 0:00:18]} 18. Bb5+ {[%emt 0:00:46]} Nd7 {[%emt 0:04:08]} 19. Qg2 {[%emt 0:00:48]} Bg5 {[%emt 0:14:04]} 20. Kb1 {[%emt 0:02:43]} Qe7 {[%emt 0:00:38]} 21. Nge4 {[%emt 0:16:37]} fxe4 {[%emt 0:02:51]} 22. Nxe4 {[%emt 0:00:04]} O-O-O {[%emt 0:03:49]} 23. Nxg5 {[%emt 0:03:04]} Nf6 {[%emt 0:01:09]} 24. e4 {[%emt 0:06:22]} Rd6 {[%emt 0:00:09]} 25. Rc1 {[%emt 0:02:05]} Rb6 {[%emt 0:00:58]} 26. Be2 {[%emt 0:00:43]} Kb8 {[%emt 0:00:54]} 27. Rc2 {[%emt 0:02:26]} Rc8 {[%emt 0:04:49]} 28. Rd1 {[%emt 0:04:02]} Qd6 {[%emt 0:05:13]} 29. Qg3 {[%emt 0:00:46]} Ka8 {[%emt 0:00:42]} 30. Qc3 {[%emt 0:01:30]} Rb8 {[%emt 0:00:33]} 31. Qxc5 {[%emt 0:03:07]} Qxc5 {[%emt 0:00:08]} 32. Rxc5 {[%emt 0:00:02]} Bxd5 {[%emt 0:00:16]} 33. b4 {[%emt 0:00:38]} Bb7 {[%emt 0:00:51]} 34. Rxe5 {[%emt 0:01:16]} c5 {[%emt 0:00:34]} 35. Rxc5 {[%emt 0:01:39]} Nxe4 {[%emt 0:00:06]} 36. Nxe4 {[%emt 0:01:08]} Bxe4+ {[%emt 0:00:14]} 37. Bd3 {[%emt 0:02:24]} Bxd3+ {[%emt 0:01:39]} 38. Rxd3 {[%emt 0:00:07]} Rb5 {[%emt 0:01:37]} 39. Rc4 {[%emt 0:06:45]} a5 {[%emt 0:01:10]} 40. Kc2 {[%emt 0:00:21]} axb4 {[%emt 0:01:10]} 41. axb4 {[%emt 0:00:02]} Rh8 {[%emt 0:00:25]} 42. h3 {[%emt 0:00:09]} Rbh5 {[%emt 0:00:16]} 43. Rcc3 {[%emt 0:00:15]} Rh4 {[%emt 0:02:24]} 44. Kb3 {[%emt 0:00:09]} Rb8 {[%emt 0:01:26]} 45. Rc4 {[%emt 0:00:05]} Rbh8 {[%emt 0:00:16]} 46. Rxh4 {[%emt 0:00:34]} Rxh4 {[%emt 0:00:05]} 47. Ka4 {[%emt 0:00:03]} g5 {[%emt 0:01:04]} 48. Rg3 {[%emt 0:00:05]} Kb7 {[%emt 0:00:05]} 49. Ka5 {[%emt 0:00:14]} Rh5 {[%emt 0:00:21]} 50. b5 {[%emt 0:19:22]} Rh7 {[%emt 0:01:18]} 51. Re3 {[%emt 0:00:00]} Rg7 {[%emt 0:00:22]} 52. Rg3 {[%emt 0:00:00]} Rh7 {[%emt 0:00:22]} 53. Rxg5 {[%emt 0:00:00]} Rxh3 {[%emt 0:00:08]} 54. Rg7+ {[%emt 0:00:00]} Kb8 {[%emt 0:00:12]} 55. Ka6 {[%emt 0:00:00]} Rh8 {[%emt 0:00:06]} 1/2-1/2

[Event "Montebelluna Elite 2020"]
[Site "Montebelluna"]
[Date "2020.01.05"]
[Round "7.6"]
[White "Sankalp Gupta"]
[Black "Zanan, Evegny"]
[Result "0-1"]
[WhiteElo "2400"]
[BlackElo "2503"]
[Annotator "ChessBase"]
[PlyCount "112"]
[EventDate "2020.01.02"]
[EventType "swiss"]
[EventCountry "ITA"]
[SourceTitle "playchess.com"]
[Source "ChessBase"]
[SourceQuality "1"]
[TimeControl "5400+30"]

1. e4 {[%emt 0:03:51]} e5 {[%emt 0:03:28]} 2. Nf3 {[%emt 0:00:03]} Nc6 {[%emt 0:00:09]} 3. Bb5 {[%emt 0:00:05]} a6 {[%emt 0:00:13]} 4. Ba4 {[%emt 0:00:01]} Nf6 {[%emt 0:00:06]} 5. O-O {[%emt 0:00:04]} Be7 {[%emt 0:00:04]} 6. Re1 {[%emt 0:00:07]} b5 {[%emt 0:00:07]} 7. Bb3 {[%emt 0:00:01]} d6 {[%emt 0:00:06]} 8. c3 {[%emt 0:00:11]} O-O {[%emt 0:00:07]} 9. h3 {[%emt 0:00:02]} Bb7 {[%emt 0:00:44]} 10. d4 {[%emt 0:00:04]} h6 {[%emt 0:01:19]} 11. Nbd2 {[%emt 0:00:13]} Re8 {[%emt 0:00:12]} 12. Nf1 {[%emt 0:12:23]} Bf8 {[%emt 0:05:43]} 13. Ng3 {[%emt 0:03:27]} Na5 {[%emt 0:00:23]} 14. Bc2 {[%emt 0:00:03]} Nc4 {[%emt 0:00:07]} 15. a4 {[%emt 0:02:09]} Nb6 {[%emt 0:14:02]} 16. b3 {[%emt 0:03:20]} bxa4 {[%emt 0:00:17]} 17. bxa4 {[%emt 0:00:07]} a5 {[%emt 0:00:04]} 18. Bd3 {[%emt 0:01:06]} Qc8 {[%emt 0:07:49]} 19. Nh4 {[%emt 0:03:51]} g6 {[%emt 0:07:22]} 20. f4 {[%emt 0:11:11]} Bg7 {[%emt 0:57:38]} 21. Nf3 {[%emt 0:04:46]} Nbd7 {[%emt 0:09:43]} 22. Ra2 {[%emt 0:00:16]} Ba6 {[%emt 0:01:40]} 23. Bb1 {[%emt 0:01:53]} Rb8 {[%emt 0:03:34]} 24. Be3 {[%emt 0:00:23]} Qb7 {[%emt 0:02:31]} 25. fxe5 {[%emt 0:04:59]} dxe5 {[%emt 0:00:39]} 26. dxe5 {[%emt 0:03:21]} Nxe5 {[%emt 0:00:28]} 27. Nxe5 {[%emt 0:00:02]} Rxe5 {[%emt 0:00:08]} 28. Rf2 {[%emt 0:00:04]} Qc6 {[%emt 0:12:10]} 29. Bd4 {[%emt 0:01:44]} Nd7 {[%emt 0:06:51]} 30. Ba2 {[%emt 0:03:34]} Bc4 {[%emt 0:00:14]} 31. Bxc4 {[%emt 0:09:35]} Qxc4 {[%emt 0:06:07]} 32. Bxe5 {[%emt 0:02:36]} Nxe5 {[%emt 0:00:06]} 33. Ref1 {[%emt 0:00:03]} Qxc3 {[%emt 0:01:11]} 34. Kh2 {[%emt 0:00:43]} c6 {[%emt 0:01:46]} 35. Rc2 {[%emt 0:03:43]} Qb4 {[%emt 0:00:43]} 36. Rd2 {[%emt 0:00:12]} Qe7 {[%emt 0:00:29]} 37. Kh1 {[%emt 0:02:42]} Qh4 {[%emt 0:01:07]} 38. Ne2 {[%emt 0:02:36]} Qxe4 {[%emt 0:01:03]} 39. Ng1 {[%emt 0:00:29]} Rf8 {[%emt 0:02:19]} 40. Nf3 {[%emt 0:01:48]} Nxf3 {[%emt 0:00:25]} 41. Rxf3 {[%emt 0:00:51]} c5 {[%emt 0:01:32]} 42. Rdf2 {[%emt 0:00:37]} Bd4 {[%emt 0:00:45]} 43. Rf1 {[%emt 0:22:14]} f5 {[%emt 0:00:56]} 44. Re1 {[%emt 0:01:06]} Qc6 {[%emt 0:00:28]} 45. Qd3 {[%emt 0:00:05]} Re8 {[%emt 0:00:33]} 46. Qc4+ {[%emt 0:00:14]} Kg7 {[%emt 0:00:06]} 47. Rb1 {[%emt 0:00:23]} Re7 {[%emt 0:01:33]} 48. Rfb3 {[%emt 0:00:28]} Qe6 {[%emt 0:01:51]} 49. Qd3 {[%emt 0:01:06]} h5 {[%emt 0:00:14]} 50. Rb6 {[%emt 0:00:49]} Qe4 {[%emt 0:00:34]} 51. Qa6 {[%emt 0:02:23]} f4 {[%emt 0:00:35]} 52. Rf1 {[%emt 0:00:01]} c4 {[%emt 0:00:33]} 53. Rd6 {[%emt 0:02:56]} Qd3 {[%emt 0:00:37]} 54. Rg1 {[%emt 0:05:21]} f3 {[%emt 0:00:09]} 55. Rxd4 {[%emt 0:00:02]} fxg2+ {[%emt 0:00:34]} 56. Rxg2 {[%emt 0:00:14]} Qxh3+ {[%emt 0:00:04]} 0-1

[Event "Montebelluna Elite 2020"]
[Site "Montebelluna"]
[Date "2020.01.05"]
[Round "7.7"]
[White "Fischer, Daniel"]
[Black "Delchev, Aleksander"]
[Result "1/2-1/2"]
[WhiteElo "2327"]
[BlackElo "2550"]
[Annotator "TA"]
[PlyCount "113"]
[EventDate "2020.01.02"]
[EventType "swiss"]
[EventCountry "ITA"]
[SourceTitle "playchess.com"]
[Source "ChessBase"]
[SourceQuality "1"]

{[%evp 19,113,23,44,16,18,14,18,10,14,-7,77,0,8,5,16,16,16,15,22,10,24,17,28,15,15,0,0,0,0,0,0,0,0,0,0,0,0,0,0,0,0,0,0,-15,0,-15,0,0,0,-8,-10,-10,0,0,0,0,0,0,0,0,0,0,0,0,0,0,0,-9,0,0,0,0,0,0,0,0,0,0,0,0,0,-8,0,0,0,0,0,0,0,0,0,0,0,0,0,0]} 1. e4 c5 2. Nf3 g6 3. d4 Bg7 4. Nc3 cxd4 5. Nxd4 Nc6 6. Be3 Nf6 7. Bc4 Qa5 8. O-O O-O 9. Bb3 d6 10. f3 Bd7 11. Nd5 {B35: Sicilian: Accelerated Dragon with 5 Nc3: main line} (11. Qd2 Rfc8 12. Rad1 Ne5 13. Qe2 Qa6 14. Qxa6 bxa6 15. f4 Nc4 16. Bc1 Be8 17. Rfe1 Nd7 18. Nd5 Kf8 19. f5 Ndb6 20. Bg5 Nxd5 21. exd5 {0-1 (46) Savitskiy,S (2415)-Atabayev,M (2492) Moscow 2017}) 11... Nxd5 12. exd5 Ne5 13. Qe2 $146 ({Predecessor:} 13. c3 Rac8 14. Qe2 b5 15. Nc2 Bf5 16. Rfd1 Nc4 17. Nd4 Nxe3 18. Qxe3 b4 {1-0 (36) Bango,D (1835)-Pericka,T (1975) Banska Stiavnica 2018}) 13... b5 14. c3 Rfe8 {[#]} (14... Nc4 $11) 15. Rfe1 (15. a4 $1 $16) 15... Rab8 $11 16. Bf2 Qc7 17. a4 {[%cal Ra4b5]} a6 $1 18. axb5 axb5 19. Ra6 Qb7 20. Rea1 Ra8 21. Rxa8 Rxa8 {The position is equal.} 22. Rxa8+ Qxa8 23. h3 Bf6 24. Kh2 Qa1 25. f4 Nc4 $1 26. Bxc4 bxc4 27. Nc6 Qa4 28. Nxe7+ Kf8 29. Nc6 $1 Bxc6 30. dxc6 Qxc6 31. Qd2 h5 32. Bg3 Ke7 33. Qe1+ Kd7 34. Bh4 Bxh4 35. Qxh4 {[%mdl 4096] Endgame KQ-KQ} Qd5 36. Qf6 Kc6 37. Qd8 Qe6 38. Qa8+ Kd7 39. Qb7+ Ke8 40. Qc6+ Ke7 41. Qf3 Kf6 42. g3 Qe1 43. Kg2 Qd2+ (43... Kg7 {keeps more tension.} 44. Qf2 Qe4+ 45. Qf3 d5 46. Kf2 Qb1) 44. Qf2 Qxf2+ (44... Qd3 {with more complications.} 45. g4 Kg7 46. Qf3 Qc2+ 47. Qf2 Qd1) 45. Kxf2 {KP-KP} Ke6 46. Ke3 Kd5 47. Kf3 Kc5 48. Ke4 {aiming for f5.} f6 49. Kf3 d5 {[#] Threatens to win with ...d4.} 50. Ke3 f5 (50... h4 $5 51. f5 $8 (51. gxh4 $2 f5 $19) 51... g5 $11) 51. h4 d4+ 52. cxd4+ Kd5 53. Kd2 {Hoping for Kc3.} Kxd4 54. Kc2 $1 Ke4 {And now ...Kf3 would win.} 55. Kc3 Kd5 $1 56. Kd2 Kd4 57. Kc2 $1 {Accuracy: White = 69%, Black = 59%.} 1/2-1/2

[Event "Montebelluna Elite 2020"]
[Site "Montebelluna"]
[Date "2020.01.05"]
[Round "7.8"]
[White "Barseghyan, Harutyun"]
[Black "Vignesh B"]
[Result "1/2-1/2"]
[WhiteElo "2459"]
[BlackElo "1912"]
[Annotator "ChessBase"]
[PlyCount "71"]
[EventDate "2020.01.02"]
[EventType "swiss"]
[EventCountry "ITA"]
[SourceTitle "playchess.com"]
[Source "ChessBase"]
[SourceQuality "1"]
[TimeControl "5400+30"]

1. d4 {[%emt 0:13:03]} Nf6 {[%emt 0:00:00]} 2. c4 {[%emt 0:00:18]} e6 {[%emt 0:00:00]} 3. Nf3 {[%emt 0:00:03]} Bb4+ {[%emt 0:00:00]} 4. Nbd2 {[%emt 0:00:06]} O-O {[%emt 0:00:09]} 5. a3 {[%emt 0:00:51]} Be7 {[%emt 0:02:01]} 6. e4 {[%emt 0:00:07]} d5 {[%emt 0:00:10]} 7. e5 {[%emt 0:00:23]} Nfd7 {[%emt 0:00:06]} 8. Bd3 {[%emt 0:05:03]} c5 {[%emt 0:01:23]} 9. cxd5 {[%emt 0:02:02]} exd5 {[%emt 0:00:33]} 10. O-O {[%emt 0:00:07]} cxd4 {[%emt 0:03:02]} 11. Nb3 {[%emt 0:01:25]} Nc6 {[%emt 0:01:03]} 12. Re1 {[%emt 0:00:02]} f6 {[%emt 0:08:19]} 13. exf6 {[%emt 0:09:55]} Nxf6 {[%emt 0:01:48]} 14. Qc2 {[%emt 0:14:18]} Ne4 {[%emt 0:10:37]} 15. Rxe4 {[%emt 0:09:56]} dxe4 {[%emt 0:00:46]} 16. Bxe4 {[%emt 0:00:01]} Bg4 {[%emt 0:08:40]} 17. Bxh7+ {[%emt 0:01:47]} Kh8 {[%emt 0:00:02]} 18. Be4 {[%emt 0:00:19]} d3 {[%emt 0:00:57]} 19. Qc4 {[%emt 0:03:41]} Bxf3 {[%emt 0:00:28]} 20. gxf3 {[%emt 0:00:04]} Bg5 {[%emt 0:03:23]} 21. Kh1 {[%emt 0:10:14]} d2 {[%emt 0:02:43]} 22. Bxd2 {[%emt 0:00:18]} Bxd2 {[%emt 0:00:06]} 23. Rd1 {[%emt 0:00:04]} Qh4 {[%emt 0:03:01]} 24. Nxd2 {[%emt 0:05:07]} Rad8 {[%emt 0:00:11]} 25. Qc5 {[%emt 0:04:03]} Rf6 {[%emt 0:05:19]} 26. Kg2 {[%emt 0:03:03]} Rfd6 {[%emt 0:03:25]} 27. Bc2 {[%emt 0:02:11]} Rd5 {[%emt 0:00:20]} 28. Qe3 {[%emt 0:00:24]} Qh6 {[%emt 0:07:45]} 29. f4 {[%emt 0:00:02]} Rd4 {[%emt 0:02:46]} 30. Nf3 {[%emt 0:02:13]} Rxd1 {[%emt 0:00:06]} 31. Bxd1 {[%emt 0:00:15]} Qh5 {[%emt 0:04:03]} 32. Bc2 {[%emt 0:04:33]} Qg4+ {[%emt 0:03:49]} 33. Kh1 {[%emt 0:10:32]} Qh3 34. Qe4 {[%emt 0:00:30]} Nd4 {[%emt 0:29:59]} 35. Ng1 {[%emt 0:00:30]} Qh6 {[%emt 0:00:30]} 36. Bd3 {[%emt 0:00:00]} 1/2-1/2